Länder, die die U.S.A. am meisten lieben - Statistiken

Allgemein
  • Dieses Quiz wurde 120 mal gespielt
  • Das Durchschnittsergebnis liegt bei 16 aus 24
Antwortstatistiken
Platz "Günstig" in % "Ungünstig" in % Land % Korrekt
17. 34 64 Kanada
98%
18. 33 66 Deutschland
96%
20. 29 69 Mexiko
94%
19. 31 64 Spanien
91%
16. 36 59 Frankreich
90%
10. 55 44 Japan
87%
14. 47 52 Italien
83%
12. 50 49 Vereinigtes Königreich
82%
7. 56 35 Brasilien
78%
23. 29 71 Australien
73%
6. 52 30 Argentinien
71%
9. 55 37 Polen
68%
24. 19 79 Schweden
68%
🥉 54 19 Indien
60%
21. 29 69 Niederlande
57%
11. 50 42 Südafrika
56%
8. 61 39 Südkorea
56%
22. 29 71 Türkei
55%
🥇 83 16 Israel
51%
15. 45 53 Griechenland
48%
5. 60 37 Ungarn
36%
13. 48 48 Indonesien
35%
🥈 78 17 Nigeria
17%
4. 62 34 Kenia
8%
Keine übereinstimmenden Quizze gefunden
Verteilung der Resultate
Anzahl Personen mit jedem Resultat
Perzentil nach korrekt beantworteten Fragen
Ihre Resultats-Entwicklung
Sie haben dieses Quiz noch nicht gespielt